Los transgénicos en América Latina y el Caribe : (Registro nro. 4404)
[ vista simple ]
| 000 -CABECERA | |
|---|---|
| Campo de control | 01597cam a2200313 a 4500 |
| 005 - FECHA Y HORA DE LA ULTIMA TRANSACCION | |
| Campo de control | 20191224041736.0 |
| 008 - ELEMENTOS DE LONGITUD FIJA—INFORMACION GENERAL | |
| Campo de control | 050623s2004 cl ad r 10010dspa d |
| 020 ## - ISBN | |
| ISBN | 9213225369 |
| 040 ## - FUENTE DE CATALOGACIÓN | |
| Agencia catalogadora original | la |
| Agencia transcriptora | la |
| Agencia Modificadora | CO-BoIAVH |
| 041 0# - IDIOMA | |
| Código de idioma para texto/pista de sonido o título separado | Español |
| 044 ## - PAÍS DE PUBLICACIÓN | |
| País de publicación | Chile |
| 082 04 - NUMERO DE CLASIFICACION DECIMAL DEWEY | |
| Número de clasificación | 664.024 |
| Número del ítem | S35t |
| 111 2# - ASIENTO PRINCIPAL--NOMBRE DE REUNION | |
| Nombre de reunión o de jurisdicción como elemento de entrada | Seminario Regional Los transgénicos y sus impactos en la agricultura de América Latina y el Caribe |
| Fecha de la reunión | (2001 : |
| Lugar de la reunión | Termas de Cauquenes, Chile) |
| 9 (RLIN) | 61481 |
| 245 14 - MENCION DE TITULO | |
| Título | Los transgénicos en América Latina y el Caribe : |
| Parte restante del título | un debate abierto / |
| Mención de responsabilidad | Seminario Regional Los transgénicos y sus impactos en la agricultura de América Latina y el Caribe. |
| 260 ## - PUBLICACION, DISTRIBUCION, ETC. (PIE DE IMPRENTA) | |
| Lugar de publicación, distribución, etc. | Santiago de Chile : |
| Nombre del editor, distribuidor, etc. | Naciones Unidas : |
| -- | CEPAL, |
| Fecha de publicación, distribución, etc. | 2004. |
| 300 ## - DESCRIPCION FISICA | |
| Extensión | 396 páginas : |
| Otros detalles físicos | Ilustraciones, gráficas ; |
| Dimensiones | 23 x 16 cm. |
| 504 ## - NOTA DE BIBLIOGRAFIA, ETC. | |
| Nota de bibliografía | Incluye referencias bibliográficas: páginas 375-396. |
| 650 14 - ASIENTO SECUNDARIO DE MATERIA - TERMINO TEMATICO | |
| Término temático o nombre geográfico como elemento de entrada | Alimentos modificados genéticamente |
| Subdivisión geográfica | América Latina. |
| 9 (RLIN) | 61482 |
| 650 14 - ASIENTO SECUNDARIO DE MATERIA - TERMINO TEMATICO | |
| Término temático o nombre geográfico como elemento de entrada | Ingeniería genética. |
| 9 (RLIN) | 61483 |
| 650 24 - ASIENTO SECUNDARIO DE MATERIA - TERMINO TEMATICO | |
| Término temático o nombre geográfico como elemento de entrada | Plantas transgénicas |
| Subdivisión geográfica | América Latina |
| Subdivisión de forma | Congresos, conferencias, etc.. |
| 9 (RLIN) | 61484 |
| 650 26 - ASIENTO SECUNDARIO DE MATERIA - TERMINO TEMATICO | |
| Término temático o nombre geográfico como elemento de entrada | Biotecnología agrícola. |
| 9 (RLIN) | 462 |
| 650 24 - ASIENTO SECUNDARIO DE MATERIA - TERMINO TEMATICO | |
| Término temático o nombre geográfico como elemento de entrada | Biología vegetal |
| Subdivisión geográfica | América Latina. |
| 9 (RLIN) | 61486 |
| 650 24 - ASIENTO SECUNDARIO DE MATERIA - TERMINO TEMATICO | |
| Término temático o nombre geográfico como elemento de entrada | Ciencia y tecnología |
| Subdivisión general | Aspectos sociales |
| Subdivisión geográfica | América Latina. |
| 9 (RLIN) | 61487 |
| 650 24 - ASIENTO SECUNDARIO DE MATERIA - TERMINO TEMATICO | |
| Término temático o nombre geográfico como elemento de entrada | Alimentos modificados genéticamente |
| Subdivisión de forma | Patentes. |
| 9 (RLIN) | 61488 |
| 650 24 - ASIENTO SECUNDARIO DE MATERIA - TERMINO TEMATICO | |
| Término temático o nombre geográfico como elemento de entrada | Industrias agropecuarias |
| Subdivisión general | Innovaciones tecnológicas. |
| 9 (RLIN) | 61489 |
| 650 26 - ASIENTO SECUNDARIO DE MATERIA - TERMINO TEMATICO | |
| Término temático o nombre geográfico como elemento de entrada | Tecnología de alimentos |
| Subdivisión general | Innovaciones Tecnológicas. |
| 9 (RLIN) | 61490 |
| 710 2# - ASIENTO SECUNDARIO - NOMBRE CORPORATIVO | |
| Nombre corporativo o de jurisdicción como elemento de entrada | ONU. |
| Unidad subordinada | Comisión Económica para América Latina y el Caribe. |
| 9 (RLIN) | 61491 |
| 942 ## - ELEMENTOS ADICIONALES (KOHA) | |
| Sistema de clasificación | Dewey Decimal Classification |
| Tipo de ítem | Libro |
| Withdrawn status | Lost status | Sistema de Clasificación | Damaged status | No para préstamo | Colección | Inventariado | Ubicación Permanente | Ubicación actual | Fecha de adquisición | Fuente de Valor | Valor | Total Checkouts | Número topográfico | Inventario / Código de Barras | Date last seen | Ejemplar | Price effective from | Forma de adquisición | Tipo de material |
|---|---|---|---|---|---|---|---|---|---|---|---|---|---|---|---|---|---|---|---|
| Dewey Decimal Classification | General | Inventariado 2017 | Bogotá | Bogotá | 22/04/2005 | Instituto | 15000.00 | LB-664.024 S35t | 017824 | 04/12/2012 | Ej. 1 | 04/12/2012 | Libro |